Kadra Hiszpanii na mundial 2022 - Statystyki

Ogólne statystyki
  • Ten quiz został rozwiązany 225 razy
    98 od ostatniego zresetowania
  • Średni wynik to 16 z 26
Statystyki odpowiedzi
Pozycja Zawodnik % Poprawnych
Napastnik Alvaro Morata
97%
Pomocnik Pedri
92%
Bramkarz Unai Simon
92%
Pomocnik Gavi
89%
Napastnik Ferran Torres
79%
Obrońca Daniel Carvajal
77%
Obrońca Jordi Alba
77%
Obrońca Aymeric Laporte
76%
Obrońca Pau Torres
76%
Pomocnik Rodri
76%
Pomocnik Sergio Busquets
76%
Obrońca Alejandro Balde
64%
Napastnik Dani Olmo
59%
Bramkarz David Raya
59%
Napastnik Nico Williams
59%
Napastnik Ansu Fati
53%
Napastnik Marco Asensio
52%
Pomocnik Koke
51%
Bramkarz Robert Sanchez
51%
Obrońca Eric Garcia
49%
Pomocnik Marcos Llorente
44%
Obrońca Cesar Azpilicueta
41%
Pomocnik Carlos Soler
36%
Napastnik Pablo Sarabia
31%
Napastnik Yeremi Pino
25%
Obrońca Hugo Guillamon
15%
Nie znaleziono quizów pasujących do podanych kryteriów
Rozkład punktacji
Procent ludzi z każdym wynikiem
Percentyl według liczby udzielonych odpowiedzi
Twoja historia wyników
Nie rozwiązałeś tego quizu od ostatniego zresetowania